| 000 | 00364nam a2200157Ia 4500 | ||
|---|---|---|---|
| 008 | 230917s9999||||xx |||||||||||||| ||und|| | ||
| 040 |
_e115922 _aMAIN |
||
| 041 | _aEnglish | ||
| 082 | _a514 M925T | ||
| 100 | _aMunkres, James R | ||
| 245 | 0 | _aTopology | |
| 250 | _a2nd ed. | ||
| 260 |
_aNew Delhi _bPearson education _c2000 |
||
| 300 | _a553 p. | ||
| 942 | _cBK | ||
| 999 |
_c142215 _d142215 |
||